000 00217nam a2200085Ia 4500
008 120527s9999 xx 000 0 und d
100 _aOLAJIRE,Abass
245 _aIntroductory organic & inorganic chemistry.
942 _cBK
999 _c23625
_d23625